Statistics for Best Player On Each MLB Team 2022

Click here to take the quiz!

General Stats

  • This quiz has been taken 907 times
    (826 since last reset)
  • The average score is 18 of 30

Answer Stats

HintAnswer% Correct
AngelsMike Trout
99%
AstrosJose Altuve
94%
BravesRonald Acuna Jr.
86%
Blue JaysVladimir Guerrero Jr.
85%
BrewersChristian Yelich
80%
DodgersMookie Betts
80%
YankeesAaron Judge
79%
PhilliesBryce Harper
76%
CardinalsNolan Arenado
75%
PadresFernando Tatis Jr.
74%
GuardiansJose Ramirez
71%
NationalsJuan Soto
70%
MetsJacob DeGrom
69%
RangersCorey Seager
62%
DiamondbacksKetel Marte
60%
TigersJavier Baez
57%
RoyalsSalvador Perez
54%
RockiesKris Bryant
53%
PiratesBryan Reynolds
51%
TwinsCarlos Correa
51%
Red SoxXander Bogaerts
50%
White SoxJose Abreu
49%
CubsWillson Contreras
48%
MarlinsBrian Anderson
45%
RaysWander Franco
45%
AthleticsMatt Olson
43%
GiantsBrandon Belt
34%
OriolesTrey Mancini
34%
MarinersMitch Haniger
27%
RedsEugenio Suarez
22%

Score Distribution

Percentile by Number Answered

Percent of People with Each Score

Your Score History

You have not taken this quiz since the last reset